Cinematografías (Record no. 177812)

MARC details
000 -LEADER
campo de control de longitud fija 01444nam a2200385 4500
001 - NÚMERO DE CONTROL
campo de control 177812
003 - IDENTIFICADOR DE NÚMERO DE CONTROL
campo de control ES-MaACL
005 - FECHA Y HORA DE LA ÚLTIMA TRANSACCIÓN
campo de control 20230906220423.0
008 - DATOS DE LONGITUD FIJA--INFORMACIÓN GENERAL
campo de control de longitud fija 110427s2009 sp acfo |||| |dspa d
017 ## - NÚMERO DE COPYRIGHT O DE DEPÓSITO LEGAL
Número de copyright o de depósito legal V-3149-2008
020 ## - NÚMERO INTERNACIONAL ESTÁNDAR DEL LIBRO
Número Internacional Estándar del Libro 9788493584368
080 ## - NÚMERO DE LA CLASIFICACIÓN DECIMAL UNIVERSAL
Número de la Clasificación Decimal Universal 791.43(485)(0:76)(083.824)
080 ## - NÚMERO DE LA CLASIFICACIÓN DECIMAL UNIVERSAL
Número de la Clasificación Decimal Universal 766.036(485)(083.824)
080 ## - NÚMERO DE LA CLASIFICACIÓN DECIMAL UNIVERSAL
Número de la Clasificación Decimal Universal 791.43(489)(0:76)(083.824)
080 ## - NÚMERO DE LA CLASIFICACIÓN DECIMAL UNIVERSAL
Número de la Clasificación Decimal Universal 766.036(489)(083.824)
245 00 - MENCIÓN DEL TÍTULO
Título Cinematografías
Resto del título : el cartel de cine en Suecia y Dinamarca, 1915-1942 : Colección Benito Medela-Piquepé /
Mención de responsabilidad, etc. [textos, Carlos Pérez, Elo Sjøgren, Mercè Ibarz].
250 ## - MENCION DE EDICION
Mención de edición 2ª impr.
260 ## - PUBLICACIÓN, DISTRIBUCIÓN, ETC.
Lugar de publicación, distribución, etc. [Beniparrell, Valencia] :
Nombre del editor, distribuidor, etc. Pentagraf,
Fecha de publicación, distribución, etc. 2009.
300 ## - DESCRIPCIÓN FÍSICA
Extensión 278 p. :
Otras características físicas principalmente il. col. y n., fot. ;
Dimensiones 30 cm.
546 ## - NOTA DE IDIOMA
Nota de lengua/lenguaje Texto en español e inglés.
600 17 - PUNTO DE ACCESO ADICIONAL DE MATERIA--NOMBRE DE PERSONA
Nombre de persona Medela, Benito-
Subdivisión general Colecciones de carteles-
Subdivisión de forma Exposiciones.
9 (RLIN) 146299
650 #7 - PUNTO DE ACCESO ADICIONAL DE MATERIA--TÉRMINO DE MATERIA
Término de materia o nombre geográfico como elemento de entrada Carteles de cine-
Subdivisión geográfica Suecia.
9 (RLIN) 146300
650 #4 - PUNTO DE ACCESO ADICIONAL DE MATERIA--TÉRMINO DE MATERIA
Término de materia o nombre geográfico como elemento de entrada Carteles de cine-
Subdivisión geográfica Dinamarca.
9 (RLIN) 146301
650 #4 - PUNTO DE ACCESO ADICIONAL DE MATERIA--TÉRMINO DE MATERIA
Término de materia o nombre geográfico como elemento de entrada Carteles de cine-
Subdivisión de forma Exposiciones.
9 (RLIN) 146302
655 #7 - TERMINO DE INDIZACIÓN--GENERO/FORMA
Fuente del término tgfbne
9 (RLIN) 193628
Datos o término principal de género/forma Catálogos de exposiciones
700 1# - ENTRADA AGREGADA--NOMBRE PERSONAL
Nombre de persona Pérez, Carles.
9 (RLIN) 146303
700 1# - ENTRADA AGREGADA--NOMBRE PERSONAL
Nombre de persona Sjøgren, Elo.
9 (RLIN) 146304
700 1# - ENTRADA AGREGADA--NOMBRE PERSONAL
Nombre de persona Ibarz, Mercè.
9 (RLIN) 146305
700 1# - ENTRADA AGREGADA--NOMBRE PERSONAL
Nombre de persona Medela, Benito.
9 (RLIN) 146306
852 ## - LOCALIZACIÓN
Ubicación ES-MaACL
itemnumber R.145519
Número de control de estantería A-11101
Signatura antigua Olim:N-4106
Ubicación en estantería Depósito 1
903 ## - NOMBRE PERSONAL DE DONANTE
e Donante
942 ## - ELEMENTOS DE ENTRADA SECUNDARIOS (KOHA)
Fuente del sistema de clasificación o colocación Clasificación decimal universal
Tipo de ítem Koha Libro impreso
Holdings
Estatus retirado Estado de pérdida Fuente del sistema de clasificación o colocación Estado de daño No para préstamo Biblioteca de origen Biblioteca actual Ubicación en estantería Fecha de adquisición Fuente de adquisición Total de préstamos Signatura topográfica completa Código de barras Visto por última vez Precio de reemplazo Tipo de ítem Koha
    Clasificación decimal universal     Biblioteca del Ateneo de Madrid Biblioteca del Ateneo de Madrid Depósito 1 27/04/2011 Donación   A-11101 1186796 23/02/2023 23/02/2023 Libro impreso